| 000 | 00986nam a22002657a 4500 | ||
|---|---|---|---|
| 999 |
_c19600 _d19600 |
||
| 003 | AR-CdUCM | ||
| 008 | 190220b ||||| |||| 00| 0 spa d | ||
| 040 |
_aMUNICIPALIDAD PROVINCIAL DEL CUSCO _cBIBLIOTECA MUNICIPAL DEL CUSCO |
||
| 082 |
_a895.613 / _bR21 |
||
| 100 |
_aRamirez Escalante, Juan _941030 |
||
| 245 |
_aApu Qoyllorit'i : _bHistoria del señor de Qoyllorit'i / |
||
| 260 |
_aCusco : _bInstituto Nacional de Cultura, _c1996. |
||
| 300 |
_a214 páginas ; _c25 cm. |
||
| 440 |
_aDireccion de produccion para el desarrollo cultural _941031 |
||
| 505 | _aContenido : Tradiciones de Ccatcca -- Pasajes históricos -- Tradiciones de Ocongate .. Hermandad del señor de Qollyoriti... | ||
| 650 |
_aHistoria _9136 |
||
| 650 |
_aCostumbres _9230 |
||
| 650 |
_aMawayani _941032 |
||
| 650 |
_aSeñor de Tayankani _941033 |
||
| 650 |
_aFeligresía _941034 |
||
| 650 |
_aBailarines _917300 |
||
| 710 |
_aInstituto Nacional de Cultura _99 |
||
| 942 |
_2ddc _cLIBROS |
||
| 945 | _arcc | ||